000 01962nam0a2200385 4500
001 RU\NLR\BIBL_A\016352576
005 20260405162911.0
010 _a978-5-98712-920-3
_9500
035 _a(NLR Aleph) 016352576
090 _a13125763
_c13125763
100 _a20230421d2019 |||y0rusy50 ca
101 0 _arus
102 _aRU
105 _ay e 001yd
181 0 _ai4
_baxxe
182 0 _an
200 1 _aКосмос русского самосознания
_eсловарь
_fКонстантин Исупов
_gРоссийская академия наук, Институт научной информации по общественным наукам
203 _aТекст
_bвизуальный
_cнепосредственный
210 _aМосква
_aСанкт-Петербург
_cЦентр гуманитарных инициатив
_d2020
215 _a396 с.
_d22
225 1 _aHumanitas
_fгл. ред.: С. Я. Левит
300 _aНа 4-й с. обл. авт.: Исупов К. Г., филолог, философ
320 _aБиблиогр. в прил.: с. 289-359 и в примеч. в конце ст.
320 _aДр. работы авт. на 4-й с. обл.
320 _aУказ. имен: с. 360-396
606 1 _aРусские
_jТерминологические словари
_xНациональное самосознание
_xФилософские вопросы
_92542563
_3RU\NLR\AUTH\661505129
607 _aРоссия
_jТерминологические словари
_xКультура
_xФилософские вопросы
_92166900
_3RU\NLR\AUTH\661303734
686 1 _aЮ3,231я21
686 1 _aЮ252
_bЧ11я21
700 1 _8rus
_7ca
_aИсупов
_bК. Г.
_f1946-
_gКонстантин Глебович
_3RU\NLR\AUTH\7769135
_952063
942 _cBOOK
980 _aNB